[Event "BPB Limburg open A"]
[Site "Maastricht"]
[Date "2014.06.09"]
[Round "6"]
[White "Dijkhuis, Tycho"]
[Black "Villwock, Martin"]
[Result "1-0"]
[WhiteElo "2271"]
[BlackElo "2151"]
[PlyCount "89"]
[EventDate "2014.06.06"]
[EventType "swiss"]
[EventRounds "7"]
[EventCountry "NED"]
[Source "P.Boonen"]
[SourceDate "2014.10.10"]

1. e4 c5 2. Nf3 Nc6 3. d4 cxd4 4. Nxd4 Nf6 5. Nc3 e5 6. Ndb5 d6 7. Bg5 a6 8.
Na3 b5 9. Bxf6 gxf6 10. Nd5 f5 11. Bd3 Be6 12. O-O Bxd5 13. exd5 Ne7 14. Re1
Bg7 15. c3 O-O 16. Nc2 f4 17. a4 bxa4 18. Nb4 f5 19. Nc6 Qe8 20. Rxa4 e4 21.
Bxa6 Ng6 22. Qh5 Kh8 23. Bb5 Rxa4 24. Bxa4 Qa8 25. Qd1 Qb7 26. Qd2 Bf6 27. Kh1
Qg7 28. Bd1 Qh6 29. f3 e3 30. Qd3 Bh4 31. Rf1 Bg3 32. h3 Nh4 33. Qd4+ Rf6 34.
Be2 Qg5 35. Nd8 Qg6 36. Ra1 Be1 37. g3 fxg3 38. Rxe1 g2+ 39. Kg1 f4 40. Ra1 h5
41. Ne6 Qf5 42. Ra8+ Kh7 43. Qa7+ Rf7 44. Qxf7+ Qxf7 45. Ng5+ 1-0

[Event "BPB Limburg open A"]
[Site "Maastricht"]
[Date "2014.06.09"]
[Round "6"]
[White "Ducarmon, Renzo"]
[Black "Hovhanisian, Mher"]
[Result "0-1"]
[WhiteElo "2072"]
[BlackElo "2520"]
[PlyCount "66"]
[EventDate "2014.06.06"]
[EventType "swiss"]
[EventRounds "7"]
[EventCountry "NED"]
[Source "P.Boonen"]
[SourceDate "2014.10.10"]

1. e4 e6 2. d4 d5 3. Nd2 Nf6 4. e5 Nfd7 5. Bd3 c5 6. c3 Nc6 7. Ngf3 g6 8. h4
Qb6 9. h5 Rg8 10. Kf1 Be7 11. Qa4 cxd4 12. cxd4 Qb4 13. Qxb4 Nxb4 14. Be2 g5
15. g4 f6 16. a3 Nc6 17. exf6 Bxf6 18. Nb3 e5 19. dxe5 Ndxe5 20. Nxe5 Nxe5 21.
f3 Kf7 22. Kg2 Re8 23. Kf2 Bd7 24. a4 Rac8 25. Rd1 Rc2 26. Rd2 Rec8 27. Kg3
Rxd2 28. Bxd2 Nc4 29. Bxc4 dxc4 30. Na5 Rc7 31. Rc1 Be6 32. Bc3 Be7 33. Kg2 b6
0-1

[Event "BPB Limburg open A"]
[Site "Maastricht"]
[Date "2014.06.09"]
[Round "6"]
[White "Ernst, Sipke"]
[Black "Beerdsen, Thomas"]
[Result "1/2-1/2"]
[WhiteElo "2567"]
[BlackElo "2205"]
[PlyCount "73"]
[EventDate "2014.06.06"]
[EventType "swiss"]
[EventRounds "7"]
[EventCountry "NED"]
[Source "P.Boonen"]
[SourceDate "2014.10.10"]

1. c4 c6 2. Nf3 Nf6 3. g3 d5 4. Bg2 dxc4 5. O-O g6 6. a4 Bg7 7. Na3 O-O 8. Nxc4
Be6 9. Qc2 h6 10. b4 Nbd7 11. Rb1 Rc8 12. Na5 Qb6 13. d3 c5 14. Nc4 cxb4 15.
Nxb6 Rxc2 16. Nd4 Rxc1 17. Rfxc1 Nxb6 18. Nxe6 fxe6 19. Rxb4 Nfd5 20. Bxd5 Nxd5
21. Rxb7 Bd4 22. Rf1 a5 23. e3 Bc5 24. Rc1 Bb4 25. Rc6 Rf6 26. e4 Nc3 27. e5
Rf3 28. Kg2 Rxd3 29. Rb8+ Kg7 30. Rcc8 Nxa4 31. h4 Nc5 32. Rg8+ Kh7 33. Rh8+
Kg7 34. Rbg8+ Kf7 35. Rc8 Kg7 36. Rhg8+ Kh7 37. Rh8+ 1/2-1/2

[Event "BPB Limburg open A"]
[Site "Maastricht"]
[Date "2014.06.09"]
[Round "6"]
[White "Fier, Alexandr"]
[Black "L'Ami, Alina"]
[Result "1-0"]
[WhiteElo "2580"]
[BlackElo "2444"]
[PlyCount "117"]
[EventDate "2014.06.06"]
[EventType "swiss"]
[EventRounds "7"]
[EventCountry "NED"]
[Source "P.Boonen"]
[SourceDate "2014.10.10"]

1. d4 Nf6 2. Bg5 c5 3. Nc3 cxd4 4. Qxd4 Nc6 5. Qh4 d6 6. e4 e6 7. O-O-O Be7 8.
f4 Qa5 9. Nf3 h6 10. e5 dxe5 11. fxe5 Nxe5 12. Nxe5 Qxe5 13. Bb5+ Kf8 14. Bf4
Qf5 15. Bd6 Qg5+ 16. Qxg5 hxg5 17. Ba3 Nd5 18. Nxd5 exd5 19. Rxd5 Be6 20. Bxe7+
Kxe7 21. Rxg5 g6 22. Bd3 b6 23. h3 Rac8 24. b3 Rhd8 25. Kb2 Rd4 26. Re1 Kf6 27.
Rge5 Rc7 28. R5e4 Rd8 29. Rf4+ Kg7 30. Re5 Rh8 31. h4 Rd7 32. g3 Rc8 33. g4 Rh8
34. g5 Rhd8 35. Rf6 Bg4 36. Bc4 Rh8 37. Rd5 Re7 38. Rd4 Bf5 39. b4 Rc7 40. Bb3
Re7 41. a4 Rc7 42. Rf4 Re8 43. h5 Re2 44. h6+ Kh7 45. Rc4 Rce7 46. b5 Rg2 47.
Rh4 Rxg5 48. Bxf7 Rg2 49. Bb3 Bg4 50. Bd5 Rg3 51. Rxg6 Kxg6 52. h7 Rxh7 53.
Be4+ Kf6 54. Rxh7 Ke5 55. Bd3 Kd4 56. Rxa7 Kc5 57. Rg7 Kb4 58. Be2 Ka5 59. c3
1-0

[Event "BPB Limburg open A"]
[Site "Maastricht"]
[Date "2014.06.09"]
[Round "6"]
[White "Gerlagh, Joris"]
[Black "Hansen, Victor"]
[Result "1-0"]
[WhiteElo "2103"]
[BlackElo "2121"]
[PlyCount "111"]
[EventDate "2014.06.06"]
[EventType "swiss"]
[EventRounds "7"]
[EventCountry "NED"]
[Source "P.Boonen"]
[SourceDate "2014.10.10"]

1. d4 d5 2. c4 c6 3. Nf3 Nf6 4. Qc2 dxc4 5. Qxc4 Bf5 6. Nc3 e6 7. g3 Be7 8. Bg2
O-O 9. O-O Nbd7 10. e3 Rc8 11. Nh4 Bg6 12. e4 e5 13. Nxg6 hxg6 14. dxe5 Nxe5
15. Qb3 Qb6 16. Qc2 Rfd8 17. Be3 Qc7 18. h3 Nc4 19. Bf4 Bd6 20. Bxd6 Qxd6 21.
Rad1 Qb4 22. b3 Na3 23. Qc1 Nb5 24. Nxb5 cxb5 25. e5 Re8 26. Qa1 Nh5 27. Rd4
Qc5 28. g4 Rxe5 29. gxh5 Rxh5 30. Qd1 Qc3 31. Rd5 Rc5 32. Rxh5 gxh5 33. Qf3
Qxf3 34. Bxf3 b6 35. Re1 g6 36. Re7 a5 37. Rb7 Rf5 38. Be2 Rf6 39. Bxb5 Kg7 40.
Kg2 g5 41. Rc7 Rf5 42. a4 Rf4 43. Rc4 Rf6 44. Rc6 Rf4 45. Be2 Rb4 46. Bc4 f5
47. Kg3 f4+ 48. Kf3 Kf8 49. Ke4 Ke7 50. Kd5 g4 51. hxg4 hxg4 52. Rg6 g3 53.
fxg3 fxg3 54. Rxg3 Kd7 55. Rg7+ Kc8 56. Kc6 1-0

[Event "BPB Limburg open A"]
[Site "Maastricht"]
[Date "2014.06.09"]
[Round "6"]
[White "Groffen, Hans"]
[Black "Bellens, Steven"]
[Result "1-0"]
[WhiteElo "2190"]
[BlackElo "2013"]
[PlyCount "115"]
[EventDate "2014.06.06"]
[EventType "swiss"]
[EventRounds "7"]
[EventCountry "NED"]
[Source "P.Boonen"]
[SourceDate "2014.10.10"]

1. d4 Nf6 2. c4 g6 3. Nc3 d5 4. cxd5 Nxd5 5. e4 Nxc3 6. bxc3 Bg7 7. Nf3 c5 8.
Be3 O-O 9. Qd2 Bg4 10. d5 Qa5 11. Rc1 Nd7 12. Ng5 h6 13. h3 Bh5 14. g4 hxg5 15.
gxh5 Nf6 16. Bd3 c4 17. Bb1 Nxh5 18. Bxg5 Qc5 19. Be3 Qd6 20. f4 Rad8 21. e5
Qxd5 22. Qxd5 Rxd5 23. Kf2 Bh6 24. Kf3 e6 25. Be4 Ra5 26. Bxb7 Rb8 27. Be4 Rxa2
28. Ra1 Rbb2 29. Rxa2 Rxa2 30. Rb1 Rh2 31. Kg4 Bxf4 32. Bxf4 Nxf4 33. Kxf4 Rxh3
34. Bf3 Kg7 35. Rb4 f5 36. exf6+ Kxf6 37. Ra4 g5+ 38. Kg4 Rh7 39. Ra6 Rh4+ 40.
Kg3 Kf5 41. Rxa7 e5 42. Rf7+ Ke6 43. Rg7 Kf5 44. Rc7 Ke6 45. Rc6+ Kf5 46. Bd1
Ke4 47. Be2 Ke3 48. Bxc4 Kd2 49. Be6 e4 50. c4 e3 51. Bg4 Kd3 52. c5 e2 53. Re6
Kd4 54. c6 Rh6 55. Kf2 Rh7 56. Rxe2 Kc5 57. Bd7 Kd6 58. Kg3 1-0

[Event "BPB Limburg open A"]
[Site "Maastricht"]
[Date "2014.06.09"]
[Round "6"]
[White "Harff, Marcel"]
[Black "Admiraal, Miguoel"]
[Result "1-0"]
[WhiteElo "2288"]
[BlackElo "2339"]
[PlyCount "88"]
[EventDate "2014.06.06"]
[EventType "swiss"]
[EventRounds "7"]
[EventCountry "NED"]
[Source "P.Boonen"]
[SourceDate "2014.10.10"]

1. c4 c5 2. Nf3 Nc6 3. d4 cxd4 4. Nxd4 g6 5. Nc3 Bg7 6. e3 Nf6 7. Be2 O-O 8.
O-O Nxd4 9. Qxd4 d6 10. Qh4 Bd7 11. Rd1 Rc8 12. Rb1 a6 13. e4 b5 14. cxb5 axb5
15. e5 Ne8 16. Nd5 f6 17. Be3 Rb8 18. exd6 exd6 19. Bf3 Be6 20. Ba7 Rc8 21. Qe4
Kf7 22. Re1 Bf5 23. Qe7+ Qxe7 24. Rxe7+ Kg8 25. Rbe1 Rd8 26. Rb7 Bd3 27. b3 g5
28. Nb4 Bg6 29. Nc6 Ra8 30. Rd7 Rf7 31. Bd5 Kf8 32. Bxf7 Bxf7 33. Nd8 Bd5 34.
Ne6+ Bxe6 35. Rxe6 Rc8 36. h4 g4 37. Bb6 Rc6 38. Ba5 f5 39. Rxe8+ Kxe8 40. Rxg7
Rc1+ 41. Kh2 Rc2 42. Bb6 Rxa2 43. Rxh7 f4 44. Rg7 g3+ 1-0

[Event "BPB Limburg open A"]
[Site "Maastricht"]
[Date "2014.06.09"]
[Round "6"]
[White "Harff, Wilfried"]
[Black "Tugui, Adrian"]
[Result "1/2-1/2"]
[WhiteElo "2149"]
[BlackElo "2397"]
[PlyCount "73"]
[EventDate "2014.06.06"]
[EventType "swiss"]
[EventRounds "7"]
[EventCountry "NED"]
[Source "P.Boonen"]
[SourceDate "2014.10.10"]

1. e4 c5 2. Nf3 a6 3. b3 d6 4. Bb2 Nc6 5. d4 cxd4 6. Nxd4 e5 7. Nxc6 bxc6 8.
Be2 Nf6 9. Nd2 Be7 10. O-O O-O 11. Qe1 Be6 12. h3 Qb8 13. Bf3 Bd8 14. Qe2 Bb6
15. Rfd1 Bc5 16. g4 Re8 17. Kg2 Nd7 18. Nf1 Nf8 19. c3 Ng6 20. Bc1 d5 21. Kg1
d4 22. c4 a5 23. Rb1 Qd6 24. Qc2 Qe7 25. Ng3 a4 26. Nf5 Bxf5 27. exf5 axb3 28.
axb3 e4 29. Bxe4 Qxe4 30. Qxe4 Rxe4 31. fxg6 hxg6 32. b4 Bb6 33. c5 Bc7 34. Kf1
Ra2 35. Rd2 Ra4 36. Rd3 Ra2 37. Rd2 1/2-1/2

[Event "BPB Limburg open A"]
[Site "Maastricht"]
[Date "2014.06.09"]
[Round "6"]
[White "Janssen, Ruud"]
[Black "Rihouay, Clement"]
[Result "1-0"]
[WhiteElo "2467"]
[BlackElo "2206"]
[PlyCount "91"]
[EventDate "2014.06.06"]
[EventType "swiss"]
[EventRounds "7"]
[EventCountry "NED"]
[Source "P.Boonen"]
[SourceDate "2014.10.10"]

1. c4 Nf6 2. Nc3 e5 3. Nf3 Nc6 4. g3 d5 5. cxd5 Nxd5 6. Bg2 Nb6 7. O-O Be7 8.
a3 a5 9. d3 O-O 10. Be3 Re8 11. Rc1 Bg4 12. Re1 Qd7 13. Bxb6 cxb6 14. Nd2 Nd4
15. Nd5 Bd8 16. Nc4 Ra6 17. Nde3 b5 18. Nxg4 bxc4 19. e3 Nc6 20. dxc4 Qxd1 21.
Rexd1 e4 22. b4 h5 23. b5 Ra8 24. bxc6 bxc6 25. Bh3 hxg4 26. Bxg4 Re5 27. Bd7
Be7 28. Bxc6 Rc8 29. Bd7 Rc7 30. a4 Kf8 31. Bb5 Bc5 32. Rd8+ Ke7 33. Rcd1 Kf6
34. h4 g6 35. Kg2 Bb4 36. g4 Kg7 37. Ra8 g5 38. h5 f5 39. gxf5 Rxf5 40. Rdd8
Rcf7 41. Rg8+ Kh7 42. Rh8+ Kg7 43. h6+ Kf6 44. Be8 Rc7 45. Ra6+ Ke5 46. Bg6 1-0

[Event "BPB Limburg open A"]
[Site "Maastricht"]
[Date "2014.06.09"]
[Round "6"]
[White "Jeitz, Christian"]
[Black "Xiong, Ferdinand"]
[Result "1/2-1/2"]
[WhiteElo "2169"]
[BlackElo "2110"]
[PlyCount "54"]
[EventDate "2014.06.06"]
[EventType "swiss"]
[EventRounds "7"]
[EventCountry "NED"]
[Source "P.Boonen"]
[SourceDate "2014.10.10"]

1. e4 c5 2. Nf3 d6 3. Bb5+ Bd7 4. Bxd7+ Qxd7 5. c4 Nc6 6. Nc3 Nf6 7. d4 cxd4 8.
Nxd4 g6 9. f3 Bg7 10. Be3 O-O 11. O-O Rac8 12. b3 Rfd8 13. Qd2 e6 14. Rac1 d5
15. exd5 exd5 16. c5 Nxd4 17. Bxd4 Ne4 18. fxe4 dxe4 19. Nxe4 Bxd4+ 20. Kh1 Qe6
21. Qf4 f5 22. Ng5 Qe3 23. Qh4 h5 24. Rce1 Qc3 25. Rc1 Qe3 26. Rce1 Qc3 27. Rc1
Qe3 1/2-1/2

[Event "BPB Limburg open A"]
[Site "Maastricht"]
[Date "2014.06.09"]
[Round "6"]
[White "Keetman, Maaike"]
[Black "Perrenet, Jacob"]
[Result "1-0"]
[WhiteElo "1956"]
[BlackElo "2086"]
[PlyCount "131"]
[EventDate "2014.06.06"]
[EventType "swiss"]
[EventRounds "7"]
[EventCountry "NED"]
[Source "P.Boonen"]
[SourceDate "2014.10.10"]

1. e4 Nc6 2. Nf3 Nf6 3. Nc3 d5 4. e5 Ne4 5. Bb5 Bd7 6. Bxc6 Bxc6 7. e6 fxe6 8.
Nxe4 dxe4 9. Ng5 Qd5 10. Qg4 Qf5 11. Qg3 h6 12. Nh3 O-O-O 13. b3 g5 14. Bb2 Rg8
15. O-O-O h5 16. Rhe1 Bh6 17. Ng1 Qa5 18. Qe5 Bd5 19. Kb1 Bg7 20. Qg3 Bxb2 21.
Kxb2 Rd6 22. Ne2 b5 23. Qe3 b4 24. Ra1 Qa3+ 25. Kb1 Rgd8 26. Qxg5 Bb7 27. Rd1
Ba6 28. Ng3 Rc6 29. Rc1 Bd3 30. Qe5 Rd5 31. Qh8+ Kb7 32. Qb2 Rdc5 33. Nxh5
Bxc2+ 34. Qxc2 Qxc1+ 35. Kxc1 Rxc2+ 36. Kd1 R2c5 37. Ng3 Rg5 38. Ke2 Rg4 39.
Ke3 e5 40. h3 Rh4 41. Nxe4 Rg6 42. Ng3 Kb6 43. Rc1 c5 44. d3 a5 45. Rc4 Rd4 46.
h4 Rgd6 47. Rxd4 exd4+ 48. Kd2 Rh6 49. h5 Kc6 50. Ke2 Kd5 51. Kf3 Rf6+ 52. Ke2
Rh6 53. Kf3 Ke5 54. Kg4 a4 55. Nf5 axb3 56. axb3 Rh8 57. h6 c4 58. f4+ Kf6 59.
dxc4 d3 60. Ne3 Rd8 61. Kf3 Ra8 62. Nd5+ Kg6 63. Nxb4 Rb8 64. Nxd3 Rxb3 65. Ke4
Kxh6 66. c5 1-0

[Event "BPB Limburg open A"]
[Site "Maastricht"]
[Date "2014.06.09"]
[Round "6"]
[White "L'Ami, Erwin"]
[Black "Ducarmon, Quinten"]
[Result "1-0"]
[WhiteElo "2647"]
[BlackElo "2483"]
[PlyCount "93"]
[EventDate "2014.06.06"]
[EventType "swiss"]
[EventRounds "7"]
[EventCountry "NED"]
[Source "P.Boonen"]
[SourceDate "2014.10.10"]

1. d4 d5 2. c4 c6 3. Nf3 Nf6 4. Nc3 dxc4 5. a4 Bf5 6. e3 e6 7. Bxc4 Bb4 8. O-O
O-O 9. Qe2 Ne4 10. Ne5 Nxc3 11. bxc3 Bxc3 12. Ra3 Bb4 13. Rb3 a5 14. e4 Bg6 15.
h4 Qxd4 16. Nxg6 hxg6 17. Rh3 b5 18. Ba2 Nd7 19. Rd1 Qc5 20. h5 Ne5 21. Be3 Qe7
22. hxg6 fxg6 23. axb5 cxb5 24. Qxb5 Rad8 25. Rf1 Qf6 26. Rg3 Bd2 27. Bxd2 Rxd2
28. Qxa5 Rd6 29. f4 Nc4 30. Qc5 Qd4+ 31. Qxd4 Rxd4 32. Rc1 Rxf4 33. Rxc4 Rxc4
34. Bxc4 Rxe4 35. Bd3 Rf4 36. Bxg6 Rf6 37. Rg4 Kf8 38. Kh2 Ke7 39. Be4 Kf7 40.
Kg3 e5 41. Bd5+ Kf8 42. Rg5 g6 43. Rxe5 Kg7 44. Re6 Rf5 45. Be4 Rg5+ 46. Kf4
Kh6 47. g4 1-0

[Event "BPB Limburg open A"]
[Site "Maastricht"]
[Date "2014.06.09"]
[Round "6"]
[White "Mollema, Thomas"]
[Black "Weiler, Wolfgang"]
[Result "1/2-1/2"]
[WhiteElo "2059"]
[BlackElo "2132"]
[PlyCount "91"]
[EventDate "2014.06.06"]
[EventType "swiss"]
[EventRounds "7"]
[EventCountry "NED"]
[Source "P.Boonen"]
[SourceDate "2014.10.10"]

1. e4 g6 2. d4 Bg7 3. Ne2 d5 4. exd5 Nf6 5. c4 c6 6. dxc6 Nxc6 7. Nbc3 O-O 8.
Be3 Ng4 9. g3 Re8 10. Bg2 e5 11. d5 Nd4 12. O-O Nxe3 13. fxe3 Nf5 14. Qd3 Qb6
15. Nd1 Bh6 16. Kf2 Nd6 17. Nec3 f5 18. b3 Bd7 19. Bh3 Ne4+ 20. Kg1 Ng5 21. Bg2
f4 22. gxf4 Bf5 23. Qd2 exf4 24. Na4 Qf6 25. exf4 Ne4 26. Bxe4 Rxe4 27. Ndc3
Rd4 28. Qg2 Rd3 29. Rae1 Bh3 30. Ne4 Qd4+ 31. Qf2 Bxf1 32. Nac5 Bh3 33. Nxd3
Qxd3 34. Qh4 Bg7 35. Ng5 Qd4+ 36. Kh1 Bf5 37. Qxh7+ Kf8 38. Ne6+ Bxe6 39. dxe6
Re8 40. Qxg6 Re7 41. f5 Bf6 42. Qh6+ Rg7 43. Qh8+ Ke7 44. Qc8 Rg1+ 45. Rxg1
Qe4+ 46. Rg2 1/2-1/2

[Event "BPB Limburg open A"]
[Site "Maastricht"]
[Date "2014.06.09"]
[Round "6"]
[White "Nasshan, Dennis"]
[Black "Esser, Norbert"]
[Result "1/2-1/2"]
[WhiteElo "2173"]
[BlackElo "2175"]
[PlyCount "50"]
[EventDate "2014.06.06"]
[EventType "swiss"]
[EventRounds "7"]
[EventCountry "NED"]
[Source "P.Boonen"]
[SourceDate "2014.10.10"]

1. d4 Nf6 2. c4 e6 3. g3 d5 4. Bg2 c5 5. cxd5 exd5 6. Nf3 Nc6 7. O-O Be7 8.
dxc5 Bxc5 9. a3 O-O 10. b4 Bb6 11. Nc3 h6 12. Bb2 Be6 13. Na4 Bc7 14. Rc1 Ne4
15. Nc5 Nxc5 16. Rxc5 Bb6 17. Rc1 Rc8 18. Qd2 Qe7 19. Rfd1 Rfd8 20. Nd4 Bg4 21.
Nxc6 bxc6 22. Re1 Qg5 23. Qxg5 hxg5 24. e3 c5 25. bxc5 Ba5 1/2-1/2

[Event "BPB Limburg open A"]
[Site "Maastricht"]
[Date "2014.06.09"]
[Round "6"]
[White "Rose, Dominik"]
[Black "Maisuradze, Nino"]
[Result "0-1"]
[WhiteElo "2127"]
[BlackElo "2255"]
[PlyCount "82"]
[EventDate "2014.06.06"]
[EventType "swiss"]
[EventRounds "7"]
[EventCountry "NED"]
[Source "P.Boonen"]
[SourceDate "2014.10.10"]

1. d4 Nf6 2. c4 c5 3. Nf3 e6 4. g3 cxd4 5. Nxd4 a6 6. Bg2 Qc7 7. O-O Be7 8. b3
O-O 9. Bb2 Nc6 10. Nc3 Rb8 11. Rc1 b6 12. Nd5 exd5 13. cxd5 Re8 14. dxc6 d5 15.
Qd3 Ne4 16. Rfd1 Bg5 17. Rc2 Bf6 18. Bc1 g5 19. Qf3 Re5 20. b4 b5 21. g4 h5 22.
Bh3 hxg4 23. Bxg4 Bxg4 24. Qxg4 Bg7 25. Nf3 Nf6 26. Qg3 Ne4 27. Qh3 g4 28. Qxg4
Re6 29. Rxd5 Rg6 30. Ng5 Nf6 31. Rd7 Nxd7 32. Qxd7 Qxd7 33. cxd7 Rd8 34. Rc8
Bf6 35. h4 Kg7 36. Bb2 Rxd7 37. Bc1 Rd1+ 38. Kg2 Be5 39. h5 Rgd6 40. h6+ Rxh6
41. f4 Rxc1 0-1

[Event "BPB Limburg open A"]
[Site "Maastricht"]
[Date "2014.06.09"]
[Round "6"]
[White "Sadikhov, Ulvi"]
[Black "Gijsen, Stief"]
[Result "1-0"]
[WhiteElo "2337"]
[BlackElo "2156"]
[PlyCount "67"]
[EventDate "2014.06.06"]
[EventType "swiss"]
[EventRounds "7"]
[EventCountry "NED"]
[Source "P.Boonen"]
[SourceDate "2014.10.10"]

1. e4 e5 2. Nf3 Nc6 3. Bb5 a6 4. Ba4 Nf6 5. d3 Bc5 6. c3 d6 7. O-O O-O 8. h3
Ba7 9. Re1 Ne7 10. d4 Ng6 11. Bc2 h6 12. Nbd2 Nh5 13. Nf1 Nhf4 14. Ng3 Qf6 15.
Nf5 Be6 16. Kh2 Rad8 17. Be3 c5 18. d5 Bxf5 19. exf5 Ne7 20. Bxf4 exf4 21. Qd2
c4 22. Re4 b5 23. Rxf4 Rc8 24. g4 b4 25. h4 bxc3 26. bxc3 Nxd5 27. Qxd5 Qxc3
28. Rc1 Qb2 29. Qd2 d5 30. Rb1 Qxa2 31. f6 Qa3 32. fxg7 Kxg7 33. Qxd5 Qc3 34.
Qf5 1-0

[Event "BPB Limburg open A"]
[Site "Maastricht"]
[Date "2014.06.09"]
[Round "6"]
[White "Schleipfenbauer, Frank"]
[Black "Wislez, Francis"]
[Result "1-0"]
[WhiteElo "2134"]
[BlackElo "2002"]
[PlyCount "97"]
[EventDate "2014.06.06"]
[EventType "swiss"]
[EventRounds "7"]
[EventCountry "NED"]
[Source "P.Boonen"]
[SourceDate "2014.10.10"]

1. e4 c5 2. Nc3 e5 3. Bc4 d6 4. d3 h6 5. Nge2 Nc6 6. O-O Nf6 7. f4 Bg4 8. Qe1
Bxe2 9. Nxe2 Qc7 10. a3 a6 11. c3 O-O-O 12. Qg3 Kb8 13. b4 Ka8 14. Qf3 h5 15.
Bd2 exf4 16. Bxf4 Ne5 17. Bxe5 dxe5 18. b5 axb5 19. Bxb5 Be7 20. Bc4 Bd6 21.
Rfb1 Rhf8 22. Ng3 h4 23. Nf5 g5 24. Ne3 Be7 25. Rb5 Rd6 26. Rab1 b6 27. Bd5+
Kb8 28. Nf5 Bd8 29. Nxd6 Qxd6 30. c4 g4 31. Qf5 g3 32. h3 Nxd5 33. cxd5 Bc7 34.
a4 Ka8 35. Kh1 Ka7 36. Qg5 f5 37. Qxh4 fxe4 38. dxe4 Rf4 39. Qxg3 Rxe4 40. a5
Rb4 41. axb6+ Bxb6 42. Qa3+ Kb7 43. R5xb4 cxb4 44. Qxb4 Qxb4 45. Rxb4 Kc7 46.
Rc4+ Kd7 47. Rc6 Be3 48. Re6 Bf4 49. g4 1-0

[Event "BPB Limburg open A"]
[Site "Maastricht"]
[Date "2014.06.09"]
[Round "6"]
[White "Scholzen, Wolfgang"]
[Black "Mende, Andreas"]
[Result "1-0"]
[WhiteElo "2120"]
[BlackElo "2165"]
[PlyCount "83"]
[EventDate "2014.06.06"]
[EventType "swiss"]
[EventRounds "7"]
[EventCountry "NED"]
[Source "P.Boonen"]
[SourceDate "2014.10.10"]

1. e4 c5 2. Nf3 Nc6 3. d4 cxd4 4. Nxd4 g6 5. Nc3 Bg7 6. Be3 Nf6 7. Bc4 O-O 8.
Bb3 a5 9. f3 a4 10. Nxa4 d5 11. Nxc6 bxc6 12. Nb6 Rb8 13. Nxc8 Qxc8 14. O-O
dxe4 15. fxe4 Nxe4 16. Qf3 Nf6 17. Bc5 Qc7 18. Rae1 Rbe8 19. c3 Nd7 20. Bxe7
Ne5 21. Rxe5 Rxe7 22. Rxe7 Qxe7 23. g3 c5 24. Kg2 h5 25. Bc4 Bh6 26. a4 Kg7 27.
a5 f5 28. Rd1 f4 29. Rf1 Kh8 30. Qc6 Rf6 31. Qd5 Qf8 32. a6 Rd6 33. a7 Rd8 34.
Qe5+ Bg7 35. Qxf4 Qe7 36. Ra1 Qb7+ 37. Kg1 Ra8 38. Qf7 Qxb2 39. Re1 Kh7 40. Bd3
Qb6 41. Re7 c4+ 42. Kf1 1-0

[Event "BPB Limburg open A"]
[Site "Maastricht"]
[Date "2014.06.09"]
[Round "6"]
[White "Sekandar, Kambiz"]
[Black "Bons, Jasper"]
[Result "0-1"]
[WhiteElo "2100"]
[BlackElo "2072"]
[PlyCount "58"]
[EventDate "2014.06.06"]
[EventType "swiss"]
[EventRounds "7"]
[EventCountry "NED"]
[Source "P.Boonen"]
[SourceDate "2014.10.10"]

1. e4 c5 2. c3 Nf6 3. e5 Nd5 4. Nf3 e6 5. d4 cxd4 6. cxd4 d6 7. Bc4 Nc6 8. O-O
Be7 9. Bd2 O-O 10. Nc3 dxe5 11. dxe5 Ndb4 12. Qe2 Na5 13. Bb5 Bd7 14. Rad1 Bxb5
15. Qxb5 a6 16. Qe2 Qd3 17. a3 Qxe2 18. Nxe2 Nbc6 19. Bxa5 Nxa5 20. Rd7 Rfe8
21. Rc1 Rad8 22. Rxd8 Rxd8 23. Ned4 b5 24. Rc7 Bf8 25. Ra7 Nc6 26. Rxa6 Nxd4
27. Nxd4 Rxd4 28. g3 b4 29. Ra8 Rd2 0-1

[Event "BPB Limburg open A"]
[Site "Maastricht"]
[Date "2014.06.09"]
[Round "6"]
[White "Senders, Mischa"]
[Black "Ypma, Peter"]
[Result "1/2-1/2"]
[WhiteElo "2159"]
[BlackElo "2183"]
[PlyCount "49"]
[EventDate "2014.06.06"]
[EventType "swiss"]
[EventRounds "7"]
[EventCountry "NED"]
[Source "P.Boonen"]
[SourceDate "2014.10.10"]

1. e4 e5 2. Nf3 Nc6 3. Bb5 Nd4 4. Nxd4 exd4 5. c4 h5 6. d3 Bb4+ 7. Bd2 Bxd2+ 8.
Nxd2 c5 9. O-O Kf8 10. f4 Qh4 11. Qe1 Qxe1 12. Raxe1 Nh6 13. h3 Ke7 14. b4 d6
15. bxc5 dxc5 16. Nb3 a6 17. Ba4 b6 18. Bc6 Rb8 19. Bd5 Bd7 20. Kf2 f6 21. Nd2
Nf7 22. Bxf7 Kxf7 23. e5 Bf5 24. Ne4 Bxe4 25. Rxe4 1/2-1/2

[Event "BPB Limburg open A"]
[Site "Maastricht"]
[Date "2014.06.09"]
[Round "6"]
[White "Serbu, Eli"]
[Black "Voss, Gunther"]
[Result "0-1"]
[WhiteElo "2170"]
[BlackElo "2180"]
[PlyCount "80"]
[EventDate "2014.06.06"]
[EventType "swiss"]
[EventRounds "7"]
[EventCountry "NED"]
[Source "P.Boonen"]
[SourceDate "2014.10.10"]

1. e4 c5 2. c3 d5 3. exd5 Qxd5 4. d4 Nf6 5. Nf3 Nc6 6. dxc5 Qxd1+ 7. Kxd1 Bf5
8. Be3 O-O-O+ 9. Nbd2 Nd5 10. Bc4 Nxe3+ 11. fxe3 g6 12. Kc1 e6 13. b4 Bg7 14.
Nd4 Ne5 15. h3 Nd3+ 16. Bxd3 Bxd3 17. Kb2 a5 18. a3 a4 19. Rad1 e5 20. N4f3 f5
21. Rhe1 e4 22. Nd4 Rhe8 23. Nf1 Be5 24. Rd2 f4 25. exf4 Bxf4 26. Rf2 Be5 27.
Rd2 Bf4 28. Rf2 Bg5 29. Ng3 Bh4 30. Re3 Bxg3 31. Rxg3 e3 32. Rf7 e2 33. Nf3
e1=Q 34. Nxe1 Re2+ 35. Kc1 Rxe1+ 36. Kd2 Re2+ 37. Kc1 Rc2+ 38. Kd1 Ra2 39. Rxh7
Bc4+ 40. Ke1 Bb3 0-1

[Event "BPB Limburg open A"]
[Site "Maastricht"]
[Date "2014.06.09"]
[Round "6"]
[White "Skutta, Bernd"]
[Black "Schenning, Albert"]
[Result "1/2-1/2"]
[WhiteElo "2037"]
[BlackElo "2017"]
[PlyCount "34"]
[EventDate "2014.06.06"]
[EventType "swiss"]
[EventRounds "7"]
[EventCountry "NED"]
[Source "P.Boonen"]
[SourceDate "2014.10.10"]

1. d4 d5 2. Nf3 Nf6 3. c4 dxc4 4. e3 e6 5. Bxc4 c5 6. O-O a6 7. a4 Nc6 8. Nc3
Be7 9. dxc5 Qxd1 10. Rxd1 Bxc5 11. Bd2 O-O 12. a5 Bd7 13. Na4 Bb4 14. Bxb4 Nxb4
15. Nb6 Rad8 16. Rd6 Bc6 17. Rad1 Nbd5 1/2-1/2

[Event "BPB Limburg open A"]
[Site "Maastricht"]
[Date "2014.06.09"]
[Round "6"]
[White "Snuverink, Jochem"]
[Black "Schroer, Marcel"]
[Result "1-0"]
[WhiteElo "2357"]
[BlackElo "2144"]
[PlyCount "25"]
[EventDate "2014.06.06"]
[EventType "swiss"]
[EventRounds "7"]
[EventCountry "NED"]
[Source "P.Boonen"]
[SourceDate "2014.10.10"]

1. e4 c5 2. Nf3 d6 3. d4 cxd4 4. Nxd4 Nf6 5. Nc3 a6 6. h3 e6 7. g4 Be7 8. Bg2
Nfd7 9. Be3 b5 10. Nf5 Nb6 11. Nxg7+ Kd7 12. Qd4 Bf6 13. e5 1-0

[Event "BPB Limburg open A"]
[Site "Maastricht"]
[Date "2014.06.09"]
[Round "6"]
[White "Snuverink, Michiel"]
[Black "Dardha, Arben"]
[Result "0-1"]
[WhiteElo "2053"]
[BlackElo "2284"]
[PlyCount "120"]
[EventDate "2014.06.06"]
[EventType "swiss"]
[EventRounds "7"]
[EventCountry "NED"]
[Source "P.Boonen"]
[SourceDate "2014.10.10"]

1. e4 c5 2. Nc3 e6 3. Nf3 Nc6 4. Be2 Nf6 5. O-O d5 6. exd5 Nxd5 7. d4 Nxc3 8.
bxc3 Be7 9. Be3 O-O 10. Qd3 cxd4 11. cxd4 b6 12. a3 Bb7 13. c4 Rc8 14. Rfd1 Na5
15. Rac1 Ba6 16. Nd2 Qd7 17. Rc3 Rc7 18. Qc2 Rfc8 19. Bf4 Bd6 20. Bxd6 Qxd6 21.
Ne4 Qe7 22. c5 Bxe2 23. Qxe2 Nb7 24. Qh5 f5 25. d5 exd5 26. Ng5 g6 27. Qh6 d4
28. Rg3 Nxc5 29. h4 d3 30. Re3 Qg7 31. Qxg7+ Kxg7 32. Rdxd3 Nxd3 33. Ne6+ Kh8
34. Nxc7 Nxf2 35. Re7 Ng4 36. Kf1 Kg8 37. Ke2 Nf6 38. Ne6 Re8 39. Rxe8+ Nxe8
40. Nd8 Kg7 41. g3 Nd6 42. Nc6 a6 43. a4 Ne4 44. Kf3 a5 45. g4 Nc3 46. gxf5
gxf5 47. Kf4 Kf6 48. Nd4 Nxa4 49. Nxf5 Nc5 50. Nd6 h6 51. Kg4 a4 52. Nb5 Nd3
53. Kh5 Kg7 54. Na3 Ne5 55. Nb5 Nc4 56. Nc3 a3 57. Na2 Ne5 58. Nb4 b5 59. Na2
Nd3 60. Nc3 b4 0-1